000 00811nam a2200253Ia 4500
003 OSt
005 20240514152212.0
008 210210b2010 xxu||||| |||| 00| 0 eng d
020 _a9788181111586
040 _cAL
041 _aHindi
082 _aH891.9 BALA
100 _aBALKRISHNAN (P)
_dबालाकृष्णन (पि)
_9164448
245 _aAnchalik upanyas ke ayine mein dakshin bharat
_b आंचलिक उपन्यास के आईने में दक्षिण भारत
260 _aMathura
_bJavahar Pustakalay
_c2010
300 _a247
650 _atelugu upanyason mein gram jIvan
_9164450
650 _atamil
_9164451
650 _amalyalam
_9164453
650 _akannad
_9164455
690 _aHindi Criticism
_9164460
906 _a066724
942 _2ddc
_cBK
999 _c149186
_d149186